EU Countries by license plate - Statistics

General Stats
  • This quiz has been taken 283 times
    124 since last reset
  • The average score is 23 of 27
Answer Stats
License plate Answer % Correct
IRL Ireland
97%
EST Estonia
96%
DK Denmark
95%
F France
95%
SK Slovakia
95%
FIN Finland
94%
PL Poland
94%
LT Lithuania
93%
B Belgium
92%
BG Bulgaria
92%
A Austria
91%
CZ Czech republic
87%
SLO Slovenia
87%
NL Netherlands
86%
D Germany
85%
I Italy
84%
S Sweden
84%
LV Latvia
82%
H Hungary
81%
GR Greece
80%
L Luxembourg
75%
P Portugal
74%
RO Romania
72%
CY Cyprus
69%
HR Croatia
68%
E Spain
60%
M Malta
44%
No matching quizzes found
Score Distribution
Percent of People with Each Score
Percentile by Number Answered
Your Score History
You have not taken this quiz since the last reset